Countries Furthest from Buenos Aires - Statistics

General Stats
  • This quiz has been taken 18 times
    16 since last reset
  • The average score is 18 of 20
Answer Stats
km Country % Correct
17,619 Japan
100%
16,820 Mongolia
100%
18,830 North Korea
100%
19,260 South Korea
100%
18,600 Taiwan
100%
16,786 Bhutan
93%
16,677 Cambodia
93%
17,212 Laos
93%
16,340 Myanmar
93%
16,061 Nepal
93%
16,738 Philippines
93%
15,765 China
87%
15,860 Singapore
87%
16,167 Thailand
87%
16,649 Vietnam
87%
16,542 Bangladesh
80%
16,537 Brunei
80%
15,859 Malaysia
80%
16,324 Palau
73%
15,410 Kyrgyzstan
53%
No matching quizzes found
Score Distribution
Percent of People with Each Score
Percentile by Number Answered
Your Score History
You have not taken this quiz since the last reset